000 00444nam a2200169Ia 4500
003 GCL
008 140319s9999 xx 000 0 eng d
040 _aGCL /
_cGCL
082 0 4 _a781.286
_bT E
100 1 _aTRYTHALL, GILBERT H.
245 1 0 _aEIGHTEENTH CENTURY COUNTER POINT /
_cTRYTHALL, GILBERT H.
260 _a[S.N] :
_bBROVN AND BENCHMERK ،
_c1993
300 _a298
650 0 4 _aMUSIC
650 0 4 _aCOUNTER POINT
942 _2ddc
_cBK
999 _c12219
_d12219